Si Ketawa dan Si Tidak Melompat

Bibliographic Details
Main Author: Ye, Yonglie (Author)
Other Authors: Wang, Hua (Illustrator)
Format: Book
Language:Chinese
Published: Beijing, China : Science Popularization Press 2024
Subjects:

MARC

LEADER 00000cam a2200000 7i4500
001 0000156230
005 20250528.0
008 250528s20234 cc a x f chi
020 |a 9787110095621 
040 |a PERPUSTAM   |b eng   |c PERPUSTAM   |e rda 
041 |a chi 
090 0 0 |a JC 895.136   |b YE 
100 1 |a Ye, Yonglie ,   |e author 
245 1 0 |a Si Ketawa dan Si Tidak Melompat   |c Ye Yonglie; illustrator : Wang Hua 
264 1 |a Beijing, China :   |b Science Popularization Press   |c 2024 
300 |a 114 pages :   |b colour illustrations ;   |c 21 cm. 
336 |a text  |2 rdacontent 
337 |a unmediated  |2 rdamedia 
338 |a volume  |2 rdacarrier 
650 1 0 |a Chines fiction   |v Juvenile literature 
700 1 |a Wang, Hua ,   |e illustrator 
999 |a 0000833162   |b Buku   |c Koleksi Pinjaman Kanak-Kanak   |e Perbadanan Perpustakaan Awam Melaka 
999 |a 0000833163   |b Buku   |c Koleksi Pinjaman Kanak-Kanak   |e Perpustakaan Cawangan Merlimau 
999 |a 0000833164   |b Buku   |c Koleksi Pinjaman Kanak-Kanak   |e Perpustakaan Cawangan Jasin 
999 |a 0000833165   |b Buku   |c Koleksi Pinjaman Kanak-Kanak   |e Perpustakaan Komuniti UTC Melaka 
999 |a 0000833166   |b Buku   |c Koleksi Pinjaman Kanak-Kanak   |e PK Aeon Jaya Jusco